Trends and Challenges in Digital Business Innovation (Record no. 43544)

MARC details
000 -LEADER
fixed length control field 01307cam a2200385 i 4500
001 - CONTROL NUMBER
control field 17984229
005 - DATE AND TIME OF LATEST TRANSACTION
control field 20250416151456.0
008 - FIXED-LENGTH DATA ELEMENTS--GENERAL INFORMATION
fixed length control field 131223s2014 sz a b 001 0 eng d
010 ## - LIBRARY OF CONGRESS CONTROL NUMBER
LC control number 2013958136
016 7# - NATIONAL BIBLIOGRAPHIC AGENCY CONTROL NUMBER
Record control number 016636190
Source Uk
020 ## - INTERNATIONAL STANDARD BOOK NUMBER
International Standard Book Number 9783319043067
020 ## - INTERNATIONAL STANDARD BOOK NUMBER
International Standard Book Number 3319043064
035 ## - SYSTEM CONTROL NUMBER
System control number (OCoLC)ocn879378092
041 ## - LANGUAGE CODE
Language code of text/sound track or separate title eng
042 ## - AUTHENTICATION CODE
Authentication code lccopycat
082 04 - DEWEY DECIMAL CLASSIFICATION NUMBER
Classification number 658.514 MOR
100 1# - MAIN ENTRY--PERSONAL NAME
Author Morabito, Vincenzo,
245 10 - TITLE STATEMENT
Title Trends and Challenges in Digital Business Innovation
260 ## - PUBLICATION, DISTRIBUTION, ETC.
Place London
Publisher Springer
Publication Year 2014
300 ## - PHYSICAL DESCRIPTION
Extent xxi, 215 pages :
Other physical details illustrations ;24 cm
504 ## - BIBLIOGRAPHY, ETC. NOTE
Bibliography, etc. note Includes bibliographical references and index.
650 #0 - SUBJECT ADDED ENTRY--TOPICAL TERM
Subject Technological innovations
650 #0 - SUBJECT ADDED ENTRY--TOPICAL TERM
Subject Information technology;
856 42 - ELECTRONIC LOCATION AND ACCESS
Uniform Resource Identifier <a href="http://www.loc.gov/catdir/enhancements/fy1410/2013958136-b.html">http://www.loc.gov/catdir/enhancements/fy1410/2013958136-b.html</a>
856 42 - ELECTRONIC LOCATION AND ACCESS
Uniform Resource Identifier <a href="http://www.loc.gov/catdir/enhancements/fy1410/2013958136-d.html">http://www.loc.gov/catdir/enhancements/fy1410/2013958136-d.html</a>
856 41 - ELECTRONIC LOCATION AND ACCESS
Uniform Resource Identifier <a href="http://www.loc.gov/catdir/enhancements/fy1410/2013958136-t.html">http://www.loc.gov/catdir/enhancements/fy1410/2013958136-t.html</a>
942 ## - ADDED ENTRY ELEMENTS (KOHA)
Koha item type Books
264 #1 - PRODUCTION, PUBLICATION, DISTRIBUTION, MANUFACTURE, AND COPYRIGHT NOTICE
Place of production, publication, distribution, manufacture Cham :
Name of producer, publisher, distributor, manufacturer Springer,
Date of production, publication, distribution, manufacture, or copyright notice [2014].
336 ## - CONTENT TYPE
Content type term text
Content type code txt
Source rdacontent
337 ## - MEDIA TYPE
Media type term unmediated
Media type code n
Source rdamedia
338 ## - CARRIER TYPE
Carrier type term volume
Carrier type code nc
Source rdacarrier
906 ## - LOCAL DATA ELEMENT F, LDF (RLIN)
a 7
b cbc
c copycat
d 2
e ncip
f 20
g y-gencatlg
Holdings
Withdrawn status Lost status Source of classification or shelving scheme Damaged status Not for loan Home library Current library Shelving location Accession Date Vendor Price Bill number Full call number Barcode No Date last seen Discount Bill Date Koha item type Suggested By
    Dewey Decimal Classification     IMTN IMTN Rack 34-A 03/28/2025 Raghav Books Private limited 6057.07 2374 658.514 MOR 33889 04/04/2025 33 02/14/2025 Books Mr. Shridhar Rao
Designed & Maintained by: LRC IMT Nagpur Contact: lrc@imtnag.ac.in© 2024. All Rights Reserved.